| 000 | 00799nam a22003010a 4500 | ||
|---|---|---|---|
| 001 | PT45343 | ||
| 003 | AR-LpoUNG | ||
| 005 | 20250227141540.0 | ||
| 008 | 191001s2012||||ag |||||||||||||||||spa d | ||
| 020 |
_a9789870404408 _c$8 |
||
| 040 |
_aAR-LpoUNG _bspa _cAR-LpoUNG _eaacr |
||
| 041 | 1 | _aspa | |
| 044 | _aag | ||
| 082 | 0 | _a808.068 3 685cue | |
| 100 | 1 | _aRodari, Gianni | |
| 245 | 1 | 0 | _aCuentos escritos a máquina |
| 250 | _a3ra. ed. | ||
| 260 |
_aBuenos Aires : _bAlfaguara, _cenero de 2012. |
||
| 300 |
_a270 p. : _bil. |
||
| 505 | 0 | _aSugerido a partir de 12 años (etiqueta FUCSIA) | |
| 650 | 4 | _aCUENTOS | |
| 650 | 4 | _aLITERATURA | |
| 653 | 0 | _aLITERATURA INFANTIL | |
| 700 | 1 |
_aAmo, Fuencisla del _eil. |
|
| 700 | 1 |
_aBenítez, Esther _etr. |
|
| 905 | _a45343 | ||
| 942 |
_cLIB _2ddc |
||
| 999 |
_c7758 _d7758 |
||